Aby rodina fungovala, potrebujeme ju "odštátniť"

Podrobná bibliografia
Hlavní autori: Lenzová, Terézia (Autor), Panyiková, Edita (Autor)
Médium: Článok
Jazyk:slovenčina
Predmet:

MARC

LEADER 00000nab a2200000 a 4500
001 vtls000534568
003 SK-MaSNL
005 20260426072302.0
008 150205c1994 xo 0 slo
015 |a SNBRB19rr/mm-uuuuu 
035 |a CL0534706 
040 |a SNKBUCL  |b slo  |c SNKBUCL  |e AACR2 
041 0 |a slo 
044 |a xo  |c SK 
080 |a 362.17(437.6)  |2 1981 
100 1 |a Lenzová, Terézia  |4 aut  |9 1328518 
245 1 0 |a Aby rodina fungovala, potrebujeme ju "odštátniť"  |c Terézia Lenzová, Edita Panyiková 
650 0 7 |a rodinná politika  |2 snkbucl  |9 3722 
651 7 |a Slovensko  |2 snkbucl  |9 14231 
655 7 |a články z novín a časopisov  |2 snkbucl  |9 267496 
700 1 |a Panyiková, Edita  |4 aut  |9 677373 
773 0 |t Práca  |g Roč. 49, č. 254 (3. 11. 1994), s. 5 
850 |a Slovenská národná knižnica v Martine  |a MTA001 
852 |a SNK  |b KIS3GCP 
958 |a RK 
992 |a RBX 
999 |c 2687055  |d 2688985